LEADER 00882nam0-22003011i-450- 001 990000064600403321 035 $a000006460 035 $aFED01000006460 035 $a(Aleph)000006460FED01 035 $a000006460 100 $a20011111d--------km-y0itay50------ba 101 0 $aita 105 $ay-------001yy 200 1 $aAtlante di macchine a vapore e ferrovie$econ leggenda$fAgostino Cavallero. 210 $aTorino$cP. Briola$ds.d. 215 $a74 tav.$cill.$d28 cm 300 $aEsemplare senza front. Notizie prese nell'interno 610 0 $aMacchine a vapore 676 $a621.1 700 1$aCavallero,$bAgostino$04391 801 0$aIT$bUNINA$gRICA$2UNIMARC 901 $aBK 912 $a990000064600403321 952 $a13 AR 23 E 03$b1485$fFINBC 959 $aFINBC 996 $aAtlante di macchine a vapore e ferrovie$9111261 997 $aUNINA DB $aING01 LEADER 01572nam 2200373 450 001 996279497603316 005 20230419201248.0 010 $a1-5090-1953-7 035 $a(CKB)3710000000718847 035 $a(NjHacI)993710000000718847 035 $a(EXLCZ)993710000000718847 100 $a20230419d2016 uy 0 101 0 $aeng 135 $aur||||||||||| 181 $ctxt$2rdacontent 182 $cc$2rdamedia 183 $acr$2rdacarrier 200 10$a2016 IEEE International Symposium on Performance Analysis of Systems and Software (ISPASS) /$fInstitute of Electrical and Electronics Engineers 210 1$a[Place of publication not identified] :$cIEEE,$d2016. 215 $a1 online resource (xii, 317 pages) 311 $a1-5090-1954-5 330 $aThe IEEE International Symposium on Performance Analysis of Systems and Software provides a forum for sharing advanced academic and industrial research work focused on performance analysis in the design of computer systems and software. 517 $a2016 IEEE International Symposium on Performance Analysis of Systems and Software 606 $aComputer software$xEvaluation$vCongresses 606 $aComputer software$xReliability$vCongresses 615 0$aComputer software$xEvaluation 615 0$aComputer software$xReliability 676 $a005.30287 801 0$bNjHacI 801 1$bNjHacl 906 $aPROCEEDING 912 $a996279497603316 996 $a2016 IEEE International Symposium on Performance Analysis of Systems and Software (ISPASS)$92544621 997 $aUNISA